Mackay special - Statistics

General Stats
  • This quiz has been taken 16 times
  • The average score is 32 of 63
Answer Stats
Picture Answer % Correct
Togo
100%
Angola
83%
Benin
83%
Burundi
83%
Central African republic
83%
Gabon
83%
Palau
83%
Armenia
67%
Djibouti
67%
Iraq
67%
Kuwait
67%
Malawi
67%
Syria
67%
Zimbabwe
67%
Bahamas
50%
Belize
50%
Bolivia
50%
Brunei
50%
Burkina faso
50%
Cape verde
50%
Comoros
50%
Costa rica
50%
Dominica
50%
Equatorial guinea
50%
Ethiopia
50%
Gambia
50%
Guatemala
50%
Guinea
50%
Haiti
50%
Honduras
50%
Iran
50%
Kiribati
50%
Mauritania
50%
Mozambique
50%
Nauru
50%
Nicaragua
50%
Niger
50%
Oman
50%
Paraguay
50%
Rwanda
50%
Sao tome and principe
50%
South sudan
50%
St Vincent and the grenadines
50%
Sudan
50%
Suriname
50%
Tajikistan
50%
Tuvalu
50%
Vanuatu
50%
Azerbaijan
33%
Cameroon
33%
El Salvador
33%
Eritrea
33%
Guinea-bissau
33%
Libya
33%
Namibia
33%
Republic of the congo
33%
Senegal
33%
Solomon islands
33%
Tanzania
33%
Yemen
33%
Grenada
17%
Mauritius
17%
St kitts and nevice
0%
No matching quizzes found
Score Distribution
Percent of People with Each Score
Percentile by Number Answered
Your Score History
You have not taken this quiz